000 00677nam a22002177a 4500
003 0
005 20250103113606.0
008 250103b xxu||||| |||| 00| 0 eng d
020 _a9781647285555
050 _aLB 3013
_b.B43 2024
100 _aBecker, Jimmy
_eauthor.
245 _aEffective classroom management /
_cJimmy Becker.
260 _aForest Hills, NY :
_bWillford Press,
_c2024.
300 _avii, 219 p. :
_bcol. ill. ;
_c26 cm.
440 _aKnowledge series.
504 _aIncludes bibliographical references and index.
650 _aClassroom management.
650 _aSchool discipline.
650 _aSchool management and organization.
942 _2lcc
_cBK
999 _c366861
_d366861